000 00310nas a2200121 4500
005 20211104160008.0
008 211104b ||||| |||| 00| 0 eng d
022 _a2394-0352
040 _c
245 _aPearl multidisciplinary journal
260 _aSt. Philomena college,Puttur
_bAug 2021
942 _2ddc
_cPR
999 _c220399
_d220399